| 000 | 01044nam a2200313Ia 4500 | ||
|---|---|---|---|
| 001 | dia_5209 | ||
| 003 | CHAP | ||
| 005 | 20251027152135.0 | ||
| 008 | 220117s1993 xx 000 0 und d | ||
| 010 | _a176100 | ||
| 020 | _a968-884-256-7 | ||
| 040 | _cCHAP | ||
| 082 | _a584.9 T67 1993 | ||
| 100 |
_aTorres Rivera, J. Antonio _9157885 |
||
| 245 |
_aDescripción de gramíneas en plantaciones citrícolas de Martínez de la Torre, Veracruz / _c J. Antonio Torres Rivera y Dámaso Martínez Pérez |
||
| 260 |
_aMéxico : _b UACh, _c1993 |
||
| 300 | _a271 p. | ||
| 440 |
_aCuadernos Universitarios. Agronomía ; 25 _9157886 |
||
| 503 | _aD | ||
| 504 | _aBibliografía: p. 269-271 | ||
| 590 | _aQK495.G74 T67 1993 | ||
| 650 |
_aPastos _xClasificación _9157887 |
||
| 650 |
_aPastos _xMartínez de la Torre ( Veracruz ) _9157888 |
||
| 700 |
_aMartínez Pérez, Damaso, coaut. _9157889 |
||
| 901 | _a584.9 T67 1993 | ||
| 902 | _aM | ||
| 905 | _a5232271993 mx a 8223223322spa16 | ||
| 942 |
_cLIBRO _2ddc |
||
| 999 |
_c176100 _d176100 |
||